Catálogo
 En Linea

La irrupción de la moral sexual : (Registro nro. 25038)

Detalles MARC
000 -CABECERA
campo de control de longitud fija 00859cam a2200217 a 4500
001 - NÚMERO DE CONTROL
campo de control 000025546
005 - FECHA Y HORA DE LA ÚLTIMA TRANSACCIÓN
campo de control 20200930023852.0
008 - DATOS DE LONGITUD FIJA--INFORMACIÓN GENERAL
campo de control de longitud fija 901219s1973 ag a 000 | spa d
020 ## - NÚMERO INTERNACIONAL ESTÁNDAR DEL LIBRO
Número Internacional Estándar del Libro 9501800059
040 ## - FUENTE DE LA CATALOGACIÓN
Centro catalogador/agencia de origen DO-SdBNP
Lengua de catalogación spa
Centro/agencia transcriptor BNPHU
041 ## - CÓDIGO DE LENGUA
Código de lengua del texto/banda sonora o título independiente spa
Código de lengua original gem
Fuente del código Código de idioma MARC
082 ## - NÚMERO DE LA CLASIFICACIÓN DECIMAL DEWEY
Número de clasificación xxx
Número de documento/Ítem R347i
049 ## - FONDOS LOCALES (OCLC)
Fondos de biblioteca BNGR
100 1# - ENTRADA PRINCIPAL--NOMBRE DE PERSONA
Nombre de persona Reich, Wilhelm,
9 (RLIN) 28231
240 #0 - TÍTULO UNIFORME
Título uniforme Der einbrusch der sexualmoral, zur geschichte der sexuallen okonomie.
Lenguaje de la obra Español
245 13 - MENCIÓN DE TÍTULO
Título La irrupción de la moral sexual :
Resto del título estudio de los orígenes del carácter compulsivo de la moral sexual /
Mención de responsabilidad, etc. Wilhelm Reich ; traducción Delia García.
260 ## - PUBLICACIÓN, DISTRIBUCIÓN, ETC.
Lugar de publicación, distribución, etc. Buenos Aires :
Nombre del editor, distribuidor, etc. Homo Sapiens,
Fecha de publicación, distribución, etc. 1973.
300 ## - DESCRIPCIÓN FÍSICA
Extensión 179 p. ;
Dimensiones 23 cm.
534 ## - NOTA SOBRE LA VERSIÓN ORIGINAL
Encabezamiento principal del original Título original :
Mención de título del original Der einbrusch der sexualmoral, zur geschichte der sexuallen okonomie.
700 1# - PUNTO DE ACCESO ADICIONAL--NOMBRE DE PERSONA
Nombre de persona García, Delia ,
Término indicativo de función/relación tr.
9 (RLIN) 52213
Existencias
Estado de retiro Estado de pérdida Restricciones de uso No para préstamo Código de colección Localización permanente Ubicación/localización actual Ubicación en estantería Fecha de adquisición Número de inventario Total de préstamos Signatura topográfica completa Código de barras Fecha visto por última vez Precio válido a partir de Tipo de ítem Koha
      Excluido de préstamo Monografías: Libros y Folletos General General En catalogación 17.02.2011 LF1   xxx R347i 25546-10 25.06.2020 25.06.2020 No se presta

Con tecnología Koha